000 00611nam a2200193 a 4500
001 13557
003 CO-ViMGA
008 141112s2004 ck r 000 u spa d
020 _a9582807660
040 _aCO-ViMGA
_bspa
_cCO-ViMGA
082 0 4 _a131.35 P767a
100 1 _aProto, Louis
_919761
245 1 0 _aAprende a meditar :
_btecnicas sencillas y practicas para el autodescubrimiento y vencer la angustia, la ansiedad y la depresion
260 _aSantafé de Bogotá :
_bRobinBook,
_c1995
300 _a271
650 1 4 _aAUTOESTIMA
_91478
650 1 4 _aAUTORREALIZACION(PSICOLOGIA)
_919762
942 _2ddc
_cBK
999 _c24282
_d24282